Pays les plus devinés sur JetPunk - Mort subite - Statistiques

Statistiques générales
  • Ce quiz a été pris 225 fois
  • Le résultat moyen est 9 sur 20
Answers on the Grid
Answers color-coded by a green-red scale on the quiz's grid according to % correct below.
France
Espagne
Canada
États-Unis
Italie
Russie
Allemagne
Chine
Portugal
Brésil
Mexique
Maroc
Royaume-Uni
Japon
Algérie
Belgique
Inde
Suisse
Argentine
Australie
Afrique du Sud
Suède
Irlande
Égypte
Norvège
Turquie
Grèce
Tunisie
Finlande
Pologne
Ukraine
Chili
Madagascar
Corée du Nord
Corée du Sud
Pays-Bas
 
Statistiques - réponses
Réponse % Correct
France
72%
États-Unis
62%
Italie
62%
Allemagne
61%
Japon
61%
Espagne
60%
Royaume-Uni
60%
Russie
59%
Chine
56%
Brésil
50%
Canada
48%
Inde
47%
Australie
41%
Mexique
32%
Belgique
29%
Portugal
28%
Maroc
23%
Algérie
21%
Suisse
20%
Argentine
19%
Aucun quiz correspondant
Distribution des résultats
% des personnes avec chaque résultat
Percentile par nombre de réponses
Votre historique - résultats
Vous n’avez pas pris ce quiz